书目信息 |
| 题名: |
和谐世界 文化多样
|
|
| 作者: | 刘利群 , 张莉莉 主编 | |
| 分册: | 下卷 | |
| 出版信息: | 北京 中国传媒大学出版社 2007 |
|
| 页数: | 526页 | |
| 开本: | 24cm | |
| 丛书名: | ||
| 单 册: | ||
| 中图分类: | G640-53 | |
| 科图分类: | ||
| 主题词: | 高等教育--关系--传播媒介--文集 , 高等教育 , 传播媒介 | |
| 电子资源: | ||
| ISBN: | 978-7-81085-183-1 | |
| 000 | 00971nam0 2200277 450 | |
| 001 | 1235901390 | |
| 005 | 20121007095915.65 | |
| 010 | @a978-7-81085-183-1@dCNY96.00 | |
| 100 | @a20070327d2007 em y0chiy50 ea | |
| 101 | 0 | @achi |
| 102 | @aCN@b110000 | |
| 105 | @aac z 000yy | |
| 200 | 1 | @a和谐世界 文化多样@Ahe xie shi jie wen hua duo yang@e大学与媒介的责任@h下卷@f刘利群,张莉莉主编 |
| 210 | @a北京@c中国传媒大学出版社@d2007 | |
| 215 | @a526页@c照片,肖像@d24cm | |
| 300 | @a第三届世界大学女校长论坛 | |
| 330 | @a本卷汇聚了“媒介政策与性别平等”、“文化多样与女性教育发展”两个分论坛的精华,再现了论坛研讨的特色与思想的成果。 | |
| 517 | 1 | @a大学与媒介的责任@Ada xue yu mei jie de ze ren |
| 606 | 0 | @a高等教育@x关系@x传播媒介@j文集 |
| 606 | 0 | @a高等教育 |
| 606 | 0 | @a传播媒介 |
| 690 | @aG640-53@v4 | |
| 701 | 0 | @a刘利群@Aliu li qun@c(传媒)@4主编 |
| 701 | 0 | @a张莉莉@Azhang li li@4主编 |
| 801 | 0 | @aCN@bNLC@c20101222 |
| 905 | @a10447@dG640-53@eJY137:2 | |
| 和谐世界 文化多样:大学与媒介的责任.下卷/刘利群,张莉莉主编.-北京:中国传媒大学出版社,2007 |
| 526页:照片,肖像;24cm |
| 第三届世界大学女校长论坛 |
| ISBN 978-7-81085-183-1:CNY96.00 |
| 本卷汇聚了“媒介政策与性别平等”、“文化多样与女性教育发展”两个分论坛的精华,再现了论坛研讨的特色与思想的成果。 |
| ● |
| 相关链接 |
|
|
|
|
正题名:和谐世界 文化多样
索取号:G640-53/JY137:2
 
预约/预借
| 序号 | 登录号 | 条形码 | 馆藏地/架位号 | 状态 | 备注 |
| 1 | 7809275 | 278092751 | 学院路分馆/ [索取号:G640-53/JY137:2] | 在馆 | |
| 2 | 7809276 | 278092760 | 学院路分馆/ [索取号:G640-53/JY137:2] | 在馆 |